|
|
|
|
| LEADER |
00000cam a2200000 7i4500 |
| 001 |
0000278149 |
| 005 |
20241025161102.0 |
| 006 |
ao #### ### 0 |
| 007 |
t |
| 008 |
220318t20202020my o # may |
| 020 |
|
|
|a 9789834926304
|
| 040 |
|
|
|a MBPJ
|b eng
|c MBPJ
|e rda
|
| 090 |
0 |
0 |
|a 899.231
|b SYA
|
| 245 |
0 |
0 |
|a SYAIR :
|b ADAT ISTIADAT KESULTANAN MELAYU KELANTAN
|c EDITOR A.AZIZ DERAMAN, BAHARIN ILIAS, MUHAMAD IKHRAM FADHLY HUSSIN
|
| 264 |
|
0 |
|a Kuala Lumpur :
|b Dewan Bahasa dan Pustaka Berhad
|c 2020
|
| 264 |
|
4 |
|c ©2020
|
| 300 |
|
|
|a xxxvii, 374 pages :
|b photographs ;
|c 22 cm.
|
| 336 |
|
|
|a still image
|2 rdacontent
|
| 336 |
|
|
|a text
|2 rdacontent
|
| 337 |
|
|
|a unmediated
|2 rdamedia
|
| 338 |
|
|
|a volume
|2 rdacarrier
|
| 650 |
|
0 |
|a Government publications
|z Malaysia
|
| 650 |
|
0 |
|a Malay poetry
|
| 650 |
|
0 |
|a Syair
|
| 700 |
0 |
|
|a A. Aziz Deraman ,
|c Dato' ,
|e editor
|
| 700 |
0 |
|
|a Baharin Ilias ,
|e editor
|
| 700 |
0 |
|
|a Muhamad Ikhram FFadhly Hussin ,
|e editor
|
| 999 |
|
|
|a 00398278
|b BUKU
|c PINJAMAN
|e PERPUSTAKAAN KOMUNITI PETALING JAYA
|